Measurement of nursing outcomes / (Record no. 962)

MARC details
000 -LEADER
fixed length control field 01705nam a2200421 a 4500
005 - DATE AND TIME OF LATEST TRANSACTION
control field 20260322212041.0
008 - FIXED-LENGTH DATA ELEMENTS--GENERAL INFORMATION
fixed length control field data
010 ## - LIBRARY OF CONGRESS CONTROL NUMBER
LC control number 88019961
020 ## - INTERNATIONAL STANDARD BOOK NUMBER
International Standard Book Number 0826152708 (set) :
Terms of availability {dollar}95.00
020 ## - INTERNATIONAL STANDARD BOOK NUMBER
International Standard Book Number 0826152716 (v. 1)
020 ## - INTERNATIONAL STANDARD BOOK NUMBER
International Standard Book Number 0826152724 (v. 2)
020 ## - INTERNATIONAL STANDARD BOOK NUMBER
International Standard Book Number 0826152732 (v. 3)
020 ## - INTERNATIONAL STANDARD BOOK NUMBER
International Standard Book Number 0826152740 (v. 4)
020 ## - INTERNATIONAL STANDARD BOOK NUMBER
International Standard Book Number 9780826152701 (set) :
Terms of availability {dollar}95.00
020 ## - INTERNATIONAL STANDARD BOOK NUMBER
International Standard Book Number 9780826152718 (v. 1)
020 ## - INTERNATIONAL STANDARD BOOK NUMBER
International Standard Book Number 9780826152725 (v. 2)
020 ## - INTERNATIONAL STANDARD BOOK NUMBER
International Standard Book Number 9780826152732 (v. 3)
020 ## - INTERNATIONAL STANDARD BOOK NUMBER
International Standard Book Number 9780826152749 (v. 4)
040 ## - CATALOGING SOURCE
Original cataloging agency DNLM/DLC
Transcribing agency DLC
Modifying agency DLC
050 10 - LIBRARY OF CONGRESS CALL NUMBER
Classification number RT85.5
Item number .M434 1988
060 ## - NATIONAL LIBRARY OF MEDICINE CALL NUMBER
Classification number WY 16 M484
096 ## - LOCALLY ASSIGNED NLM-TYPE CALL NUMBER (OCLC)
Classification number WY 16 M484 1988
001 - CONTROL NUMBER
control field data
245 00 - TITLE STATEMENT
Title Measurement of nursing outcomes /
Statement of responsibility, etc. edited by Carolyn Feher Waltz & Ora Strickland.
260 ## - PUBLICATION, DISTRIBUTION, ETC.
Place of publication, distribution, etc. New York :
Name of publisher, distributor, etc. Springer Pub. Co.,
Date of publication, distribution, etc. c1988-<c1990>
300 ## - PHYSICAL DESCRIPTION
Extent v. <1-4> :
Other physical details ill. ;
Dimensions 24 cm.
504 ## - BIBLIOGRAPHY, ETC. NOTE
Bibliography, etc. note Includes bibliographical references and index.
505 0# - FORMATTED CONTENTS NOTE
Formatted contents note v. 1. Measuring client outcomes -- v. 2. Measuring nursing performance: practice, education, and research -- v. 3. Measuring clinical skills and professional development in education and practice. -- v. 4. Measuring client self-care and coping skills.
590 ## - LOCAL NOTE (RLIN)
Local note Library has: Volumes 1 and 2
590 ## - LOCAL NOTE (RLIN)
Local note Volume 1. Measuring client outcomes.--Volume 2. Measuring nursing performance, practice, education & research.--Volume 3. Measuring clinical skills and professional development in education and practice.
650 #0 - SUBJECT ADDED ENTRY--TOPICAL TERM
Topical term or geographic name entry element Nursing audit.
650 #0 - SUBJECT ADDED ENTRY--TOPICAL TERM
Topical term or geographic name entry element Nursing
General subdivision Standards.
650 #2 - SUBJECT ADDED ENTRY--TOPICAL TERM
Topical term or geographic name entry element Nursing
General subdivision methods.
650 #2 - SUBJECT ADDED ENTRY--TOPICAL TERM
Topical term or geographic name entry element Nursing
General subdivision standards.
650 #2 - SUBJECT ADDED ENTRY--TOPICAL TERM
Topical term or geographic name entry element Personnel Management.
700 1# - ADDED ENTRY--PERSONAL NAME
Personal name Waltz, Carolyn Feher.
700 1# - ADDED ENTRY--PERSONAL NAME
Personal name Strickland, Ora.
Holdings
Withdrawn status Lost status Damaged status Not for loan Home library Current library Shelving location Date acquired Total checkouts Full call number Barcode Date last seen Price effective from Koha item type
        Riverside Riverside General stacks 22/03/2026   RT85.5 .M434 1988 BC0010994 22/03/2026 22/03/2026 Books